Spongebob Squarepants Characters - Statistics

General Stats
  • This quiz has been taken 37 times
  • The average score is 11 of 13
Answer Stats
Surname Answer % Correct
Squarepants Spongebob
100%
The Lobster Larry
90%
Star Patrick
90%
The Snail Gary
87%
Tentacles Squidward
87%
Cheeks Sandy
84%
Neptune King
81%
Puff Mrs
81%
Krabs Pearl
77%
Man Mermaid
74%
Plankton Sheldon
74%
Boy Barnacle
71%
Krabs Eugene
71%
No matching quizzes found
Score Distribution
Percent of People with Each Score
Percentile by Number Answered
Your Score History
You have not taken this quiz